000 01586ngm a22004690a 4500
001 PT39945
003 AR-LpoUNG
005 20210201235856.0
007 vd cvaizq
008 191001s1999||||ag |||||||||||||||||spa d
037 _c$2.65
040 _aAR-LpoUNG
_bspa
_cAR-LpoUNG
_eaacr
041 _aspa
044 _aag
082 0 _a920 664pad
100 1 _aMariotto, Gabriel
_edir.
245 1 0 _aPadre Mugica
260 _aBuenos Aires :
_bMiradas al sur,
_c1999.
300 _aDVD (ca. 60 min.) : son,. col.
505 0 _aGuión: Gustavo Gordillo, Gabriel Mariotto ; producción: Muriel Bernardo, Paula Pozzoli, Patricia Domínguez.
520 _aSe recrean pasajes de la vida del sacerdote, en base a testimonios de familiuares, integrantes del Movimiento de Sacerdotes para el Tercer Mundo, colaboradores en su trabajo de la Villa 31, y personalidades de la política del país de los años ï70. Posee material de archivo con imágenes inéditas de alto valor testimonial.
650 4 _aANALISIS HISTORICO
650 4 _aANALISIS HISTORICO
650 4 _aARGENTINA
650 4 _aCOMPORTAMIENTO POLITICO
650 4 _aDICTADURA
650 4 _aGOBIERNO MILITAR
650 4 _aHISTORIA
650 4 _aJUSTICIA SOCIAL
650 4 _aPARTICIPACION POLITICA
650 4 _aPARTICIPACION SOCIAL
650 4 _aPOLITICA
651 4 _aArgentina
653 _aCINE ARGENTINO
653 _aDOCUMENTALES
653 _aDVD
653 _aMUGICA, CARLOS
653 _aVIDEOS
700 1 _aGordillo,Gustavo, E.
_edir.
905 _a39945
942 _cDVD
999 _c53672
_d53672